000 00281nam a22001097a 4500
008 170119b xxu||||| |||| 00| 0 eng d
020 _a9781437714166
041 _aeng
080 _26TH
_a618.2
245 _aPOLI CY & POLITICS IN NURSING AND HEALTH CARE
_cMASON, D.J
942 _2udc
_cBK
999 _c3174
_d3174